| 000 | 00736nam a2200205Ia 4500 | ||
|---|---|---|---|
| 008 | 131103s9999 xx 000 0 und d | ||
| 020 |
_a8120311280 _cRs.250.00 |
||
| 040 | _aLoreto College | ||
| 041 | _aEnglish | ||
| 082 |
_a152.5/LEV _bLCLIB/PsySem 557,796,797,798/46193,Xeroxed 236,Xeroxed 237,Xeroxed 238 |
||
| 100 | _aLevinthal,Charles E. | ||
| 245 |
_aIntroduction to physiological psychology _cCharles E. Levinthal |
||
| 250 | _a3rd ed | ||
| 260 |
_aNew Delhi _bPrentice-Hall of India _c2005 |
||
| 300 |
_avi,522p _c 20cm |
||
| 504 | _aIncludes bibliographical references and index | ||
| 650 | _aPhysiological psychology | ||
| 850 | _aLCLIB/PsySem 557,796,797,798/46193,Xeroxed 236,Xeroxed 237,Xeroxed 238 | ||
| 942 | _cBK | ||
| 999 |
_c18164 _d68643 |
||